Statistics for Countries with Croatian embassies

Click here to take the quiz!

General Stats

  • This quiz has been taken 119 times
  • The average score is 44 of 55

Answer Stats

ContinentCountry% Correct
OceaniaAustralia
96%
EuropeAustria
95%
EuropeGermany
95%
EuropeSerbia
95%
North AmericaUnited States of America
95%
South AmericaBrazil
93%
AsiaChina
93%
Asia/ EuropeRussia
93%
North AmericaCanada
92%
EuropeItaly
92%
EuropeSpain
92%
EuropeSweden
92%
South AmericaArgentina
91%
EuropeFrance
91%
EuropeBosnia and Herzegovina
90%
EuropeFinland
90%
EuropeNorway
90%
EuropeBelgium
89%
AsiaIndia
89%
EuropePortugal
89%
EuropeSlovakia
89%
EuropeGreece
88%
EuropeIreland
88%
AsiaJapan
88%
Asia/ EuropeTurkey
88%
EuropeUkraine
88%
EuropeAlbania
87%
EuropeBulgaria
87%
EuropeRomania
87%
EuropeHungary
86%
EuropeSlovenia
86%
Europethe Netherlands
86%
EuropeCzech Republic
85%
EuropeMontenegro
85%
EuropeDenmark
84%
AfricaEgypt
81%
EuropeKosovo
81%
EuropePoland
81%
AsiaIran
80%
EuropeMacedonia
80%
EuropeSwitzerland
80%
South AmericaChile
79%
AfricaAlgeria
76%
AfricaSouth Africa
76%
AsiaIsrael
75%
EuropeLithuania
73%
AsiaIraq
71%
AsiaIndonesia
69%
EuropeVatican City
68%
AfricaMorocco
58%
AsiaMalaysia
51%
AsiaAzerbaijan
45%
AsiaQatar
42%
AsiaKuwait
33%
EuropeUnited Kindom
4%

Score Distribution

Percentile by Number Answered

Percent of People with Each Score

Your Score History

You have not taken this quiz